ՀՀ Գիտությունների ազգային ակադեմիայի հիմնարար գիտական գրադարան  =   Fundamental Scientific Library of NAS RA

Комиссар Дерибас : (Record no. 276323)

MARC details
000 -LEADER
fixed length control field 00815nam a2200193 a 4500
001 - CONTROL NUMBER
control field 000747882
003 - CONTROL NUMBER IDENTIFIER
control field AM-YeHGA
005 - DATE AND TIME OF LATEST TRANSACTION
control field 20250617143524.0
008 - FIXED-LENGTH DATA ELEMENTS--GENERAL INFORMATION
fixed length control field 100701s1985 ru r 000 0 rus d
040 ## - CATALOGING SOURCE
Original cataloging agency AM-YeHGA
041 0# - LANGUAGE CODE
Language code of text/sound track or separate title rus
090 ## - LOCALLY ASSIGNED LC-TYPE CALL NUMBER (OCLC); LOCAL CALL NUMBER (RLIN)
-- 277973
245 10 - TITLE STATEMENT
Title Комиссар Дерибас :
Remainder of title Докум. повесть /
Statement of responsibility, etc. Владимир Листов.
260 ## - PUBLICATION, DISTRIBUTION, ETC.
Place of publication, distribution, etc. Москва :
Name of publisher, distributor, etc. Воениздат,
Date of publication, distribution, etc. 1985.
300 ## - PHYSICAL DESCRIPTION
Extent 256 с. :
Other physical details ил. ;
Dimensions 20 см.
600 14 - SUBJECT ADDED ENTRY--PERSONAL NAME
Personal name Дерибас, Терентий Дмитриевич
653 0# - INDEX TERM--UNCONTROLLED
Uncontrolled term Всероссийская чрезвычайная комиссия по борьбе с контрреволюцией и саботажем [ВЧК]
653 0# - INDEX TERM--UNCONTROLLED
Uncontrolled term Органы государственной безопасности СССР - История
Holdings
Withdrawn status Lost status Damaged status Not for loan Collection Home library Current library Date acquired Total checkouts Full call number Barcode Date last seen Price effective from Koha item type Public note
        General Fundamental Scientific Library Fundamental Scientific Library 29/12/2016   PII/534826 FL0164655 29/12/2016 29/12/2016 Գրքեր / Books 30 Days Loan


ՀՀ ԳԱԱ հիմնարար գիտական գրադարան
ՀՀ,Երևան 0019
Մարշալ Բաղրամյան 24/6
հեռախոս:(374-10) 52-47-50
Հետադարձ կապ

All site content, except where otherwise noted, is licensed under a
Creative Commons License